Couleurs de yeux - Statistiques

Statistiques générales
  • Ce quiz a été pris 652 fois
  • Le résultat moyen est 3 sur 4
Statistiques - réponses
Pourcentage Couleur de yeux % Correct
8 à 10% Bleus
98%
2% Verts
86%
80% Bruns
71%
5% Noisettes
32%
Aucun quiz correspondant
Distribution des résultats
% des personnes avec chaque résultat
Percentile par nombre de réponses
Votre historique - résultats
Vous n’avez pas pris ce quiz